<?xml version="1.0" encoding="UTF-8"?>
<record
    xmlns:xsi="http://www.w3.org/2001/XMLSchema-instance"
    xsi:schemaLocation="http://www.loc.gov/MARC21/slim http://www.loc.gov/standards/marcxml/schema/MARC21slim.xsd"
    xmlns="http://www.loc.gov/MARC21/slim">

  <leader>01874cam a22002413a 4500</leader>
  <controlfield tag="001">1599</controlfield>
  <controlfield tag="003">PGUSA</controlfield>
  <controlfield tag="005">20140828083003.0</controlfield>
  <controlfield tag="008">990101s1999||||xxu|||||s|||||000 | eng d</controlfield>
  <datafield tag="040" ind1=" " ind2=" ">
    <subfield code="a">PGUSA</subfield>
    <subfield code="b">eng</subfield>
  </datafield>
  <datafield tag="042" ind1=" " ind2=" ">
    <subfield code="a">dc</subfield>
  </datafield>
  <datafield tag="050" ind1=" " ind2="4">
    <subfield code="a">PZ</subfield>
  </datafield>
  <datafield tag="245" ind1="1" ind2="0">
    <subfield code="a">Cinderella; Or, The Little Glass Slipper, and other stories</subfield>
    <subfield code="h">[electronic resource] /</subfield>
    <subfield code="c">Anonymous</subfield>
  </datafield>
  <datafield tag="260" ind1=" " ind2=" ">
    <subfield code="b">Project Gutenberg,</subfield>
    <subfield code="c">1999</subfield>
  </datafield>
  <datafield tag="505" ind1="0" ind2=" ">
    <subfield code="a">Cinderella; or the little glass slipper -- Fanny's telephone order -- The raindrops' new dresses -- Sir Gobble -- What is it? -- John's bright idea -- A sad Thanksgiving party -- Guy and the bee -- A mean boy -- A naughty pumpkin's fate -- Something about fires -- The ice-king's reign -- Malmo, the wounded rat -- Mama's happy Christmas -- Cured of carelessness -- A visit from a prince -- Stringing cranberries -- Christmas in California -- A troublesome call -- Bertie's corn-popper -- Fire! Fire!! Fire!!! -- The dolls and the other dolls -- Why did Mamma change her mind? -- Clara's "funeral" -- The chickadee-dee -- The children's party -- Brave Tomasso -- Tommy Frost sees a bear -- Myself -- Two strange sights -- A cat's instincts -- Dinah's New Year's present -- Night flowers -- The first snow-storm -- Fred's stolen ride -- A Valentine party -- The venturesome rat -- The bears' feast -- Patty-sayings -- Babie's curls -- The red apples -- Bubbles -- A horse who wore snow shoes -- The angry bobolink -- How Hiram spent his shrimp money -- The ant's house -- The foolish pug -- The silhouette party -- The snow birds -- A kind heart -- Towser talks -- Just as she pleased -- The working tools of insects.</subfield>
  </datafield>
  <datafield tag="506" ind1=" " ind2=" ">
    <subfield code="a">Public domain in the USA.</subfield>
  </datafield>
  <datafield tag="516" ind1=" " ind2=" ">
    <subfield code="a">Electronic text</subfield>
  </datafield>
  <datafield tag="653" ind1=" " ind2=" ">
    <subfield code="a">Fairy tales</subfield>
  </datafield>
  <datafield tag="653" ind1=" " ind2=" ">
    <subfield code="a">Children's stories</subfield>
  </datafield>
  <datafield tag="830" ind1=" " ind2="0">
    <subfield code="a">Project Gutenberg</subfield>
    <subfield code="v">1599</subfield>
  </datafield>
  <datafield tag="856" ind1="4" ind2="0">
    <subfield code="u">http://www.gutenberg.org/ebooks/1599</subfield>
  </datafield>
  <datafield tag="942" ind1=" " ind2=" ">
    <subfield code="c">EB</subfield>
  </datafield>
  <datafield tag="999" ind1=" " ind2=" ">
    <subfield code="c">230947</subfield>
    <subfield code="d">230947</subfield>
  </datafield>
  <datafield tag="952" ind1=" " ind2=" ">
    <subfield code="0">0</subfield>
    <subfield code="1">0</subfield>
    <subfield code="4">0</subfield>
    <subfield code="a">GTB</subfield>
    <subfield code="b">GTB</subfield>
    <subfield code="d">2014-08-28</subfield>
    <subfield code="l">0</subfield>
    <subfield code="r">2014-08-28 00:00:00</subfield>
    <subfield code="w">2014-08-28</subfield>
    <subfield code="y">EB</subfield>
  </datafield>
</record>
